LEADER 01480nam a2200301 a 4500 001 000000122157 003 CaOOAMICUS 005 20100608122414.0 008 100608t2010 it u000 u ita r 020 $a978-88-311-8212-6 040 $aPUL$bita$dReb 041 1 $aita$hlat 100 0 $aTheodoretus,$cvesc. di Ciro,$dc. 393-458.$0(OLS)http://pul/name/8936 245 10$aCommento al Cantico dei Cantici /$cTeodoreto di Cirro ; introduzione, traduzione e note a cura di Domenico Ciarlo. 260 $aRoma :$bCittà Nuova,$c©2010. 300 $a352 p. ;$c20 cm 490 1 $aCollana di testi patristici ;$v212 504 $aBibliografia p. [33]-35. 630 04$aBiblia.$pV.T.$pCanticum canticorum$xCommenti.$0(OLS)http://pul/subject/6701 700 1 $aCiarlo, Domenico,$d1972-$0(OLS)http://pul/name/44294 700 0 $aTheodoretus,$cvesc. di Ciro,$dc. 393-458.$tExplanatio in Canticum Canticorum.$0(OLS)http://pul/nameTitle/1285$0(OLS)http://pul/name/8936$0(OLS)http://pul/title/153714 830 0$aCollana di testi patristici ;$v212.$0(OLS)http://pul/title/17027 850 $aPUL 852 $aPUL$W1$xSL Cons. Gen., Altre Classi 1$y1$m2000 E 212$j140190$qStampati$B139377$CPULBib$Z2$F139377 $H122157 $82 941 1 $a8 996 $6020$a978-88-311-8212-6$9(OLS)http://pul/number/144494 996 $6245$aCommento al Cantico dei Cantici$9(OLS)http://pul/title/132558 996 $6260$aRoma :$bCittà Nuova$9(OLS)http://pul/publisher/47927 LEADER 01656nam a2200373 a 4500 001 000000166744 003 CaOOAMICUS 005 20180316101430.0 008 180316s2017 fr u000 u fre r 020 $a978-2-204-11759-3* 032 $aLibriCat 040 $aPUL$bita 041 1 $afre$alat$hlat 100 0 $aCassiodorus,$cSenator,$dca. 487-ca. 580.$0(OLS)http://pul/name/9543 240 10$aDe anima.$lLatino e francese.$0(OLS)http://pul/title/206496 245 10$aDe l'âme /$cCassiodore ; texte émendé de l'édition J. W. Halporn ; introduction, traduction et notes Alain Galonnier. 260 $aParis :$bCerf,$c2017. 300 $a425 p. ;$c20 cm. 490 1 $aSources chrétiennes ;$v585 504 $aInclude riferimenti bibliografici e indici. 546 $aTesto latino con traduzione a fronte; introduzione in francese. 700 1 $aHalporn, James W.$0(OLS)http://pul/name/9546 700 1 $aGalonnier, Alain,$d1957-$0(OLS)http://pul/name/25872 830 0$aSources chrétiennes ;$v585.$0(OLS)http://pul/title/45 850 $aPUL 852 $aPUL$W1$xSL Religione 2$y84$mTheol E3 585$j191213$qStampati Altre Collocazioni$B194191$CPULBib$Z2$F194191 $H130661 $81 900 $aCassiodorus, Flavius Magnus Aurelius,$cSenator,$dca. 487-ca. 580$99543 900 $aAurelius Cassiodorus,$dca. 487-ca. 580$99543 900 $aCassiodoro,$dca. 487-ca. 580$99543 941 1 $a10 996 $6020$a978-2-204-11759-3*$9(OLS)http://pul/number/163717 996 $6245$aDe l'âme$9(OLS)http://pul/title/199744 996 $6260$aParis :$bCerf$9(OLS)http://pul/publisher/48238